Study on supplementtary registration in sangkat khsem khsant, krong oudongmaechey, kompongspeu province,សិក្សាពី អំពីការចុះបញ្ជីដីបំពេញបន្ថែម ស្ថិតនៅសង្កាត់ក្សេមក្សាន្ត ក្រុងឧដុង្គម៉ែជ័យ ខេត្តកំពង់ស្ពឺ (Record no. 25761)

000 -LEADER
fixed length control field 00673nam a22001217a 4500
040 ## - CATALOGING SOURCE
Transcribing agency RUA
082 ## - DEWEY DECIMAL CLASSIFICATION NUMBER
Classification number LMA SEA 2025 B701 Or.1
100 ## - MAIN ENTRY--AUTHOR NAME
Personal name SEAK SOCHEAT, សៀក សុជាតិ
245 ## - TITLE STATEMENT
Title Study on supplementtary registration in sangkat khsem khsant, krong oudongmaechey, kompongspeu province,សិក្សាពី អំពីការចុះបញ្ជីដីបំពេញបន្ថែម ស្ថិតនៅសង្កាត់ក្សេមក្សាន្ត ក្រុងឧដុង្គម៉ែជ័យ ខេត្តកំពង់ស្ពឺ
260 ## - PUBLICATION, DISTRIBUTION, ETC. (IMPRINT)
Place of publication PHNOM PENH
Name of publisher RUA
Year of publication 2025
300 ## - PHYSICAL DESCRIPTION
Number of Pages x,46p.
Other physical details ill.
Dimensions 29cm.
942 ## - ADDED ENTRY ELEMENTS (KOHA)
Koha item type LMA
952 ## - LOCATION AND ITEM INFORMATION (KOHA)
Withdrawn status [LOCAL, KOHA] 0
952 ## - LOCATION AND ITEM INFORMATION (KOHA)
Withdrawn status [LOCAL, KOHA] 0
Holdings
Permanent Location Date acquired Koha item type Lost status Shelving location Barcode Current Location Full call number
Library Block B2026-05-15LMA B701B712990Library Block BLMA SEA 2025 B701 Or.1
Library Block B2026-05-15LMA B701B712348Library Block BLMA SEA 2025 B701 Or.2
មជ្ឈមណ្ឌលឯការនៃសាកលវិទ្យាល័យភូមិន្ទកសិកម្មចំការដូង

Powered by Koha